Fire Emblem Heroes Dagger Infantry Units - Statistics

General Stats
  • This quiz has been taken 89 times
    2 since last reset
  • The average score is 30 of 51
Answer Stats
Answer % Correct
Colm
100%
Dew
100%
Gaius
100%
Julian
100%
Kagero
100%
Kaze
100%
Lara
100%
Patty
100%
Rennac
100%
Saizo
100%
Sothe
100%
Sothe (Rearmed)
100%
Sothe (Spring)
100%
Cath
50%
Chad
50%
Clanne (Summer)
50%
Dorothea (Summer)
50%
Elincia (Performing)
50%
Felicia
50%
Flora
50%
Frederick (Summer)
50%
Gangrel
50%
Jaffar
50%
Jakob
50%
Joshua (Ascended)
50%
Kronya
50%
Larum
50%
Legault
50%
Leila
50%
Leila (Rearmed)
50%
Matthew
50%
Nino (Attuned)
50%
Noire (Ninja)
50%
Olivia (Performing)
50%
Perne
50%
Ryoma (Performing)
50%
Sakura (Halloween)
50%
Shez (F) (Legendary)
50%
Shez (F) (Ninja)
50%
Shez (M) (Legendary)
50%
Takumi (New Year)
50%
Tethys
50%
Volke
50%
Xander (Performing)
50%
Ylgr
50%
Yunaka
50%
Zelkov (Winter)
50%
Heather (Ninja)
0%
Metodey
0%
Yuri
0%
Yuri (Legendary)
0%
No matching quizzes found
Score Distribution
Percent of People with Each Score
Percentile by Number Answered
Your Score History
You have not taken this quiz since the last reset